Rachunkowosc Zespoły - Statystyki

Ogólne statystyki
  • Ten quiz został rozwiązany 24 razy
  • Średni wynik to 9 z 16
Statystyki odpowiedzi
Zespół 4/5 % Poprawnych
Amortyzacja
100%
Usługi obce
100%
Wynagrodzenia
100%
Koszty sprzedaży
67%
Koszty zakupu
67%
Podatki i opłaty
67%
Pozostałe koszty rodzajowe
67%
Zużycie materiałów i energii
67%
Koszty działalności podstawowej
33%
Koszty działalności pomocniczej
33%
Koszty handlowe
33%
Koszty ogólnego zarządu
33%
Koszty wydziałowe
33%
Rozliczenie kosztów działalności
33%
Rozliczenie kosztów rodzajowych
33%
Ubezpieczenia społeczne i inne świadczenia
33%
Nie znaleziono quizów pasujących do podanych kryteriów
Rozkład punktacji
Procent ludzi z każdym wynikiem
Percentyl według liczby udzielonych odpowiedzi
Twoja historia wyników
Nie rozwiązałeś tego quizu